000 00558nam a22002177a 4500
003 OSt
005 20230125092027.0
008 160723s2011 pn||||| |||| 00| 0 spa d
020 _a0 87422 022 X
040 _cLado V
082 0 4 _a758.3
_bH249g
100 _eautor
245 _aGaylen, Hansen/
260 _aWashington
_bWashington State University
_c1985
300 _a63p.
_bil. col.
_c26x23
653 1 0 _aPINTURA
653 1 0 _aANIMALES
653 1 0 _aCATALOGO
653 1 0 _aEXHIBICION
942 _2ddc
_c1
_h758.3
_iH249g
_n0
999 _c2861
_d2861